000 00725nam a2200193 i 4500
001 87397
003 ES-MaACL
005 20230906175649.0
007 t|
008 041221s1975 sp ||||1| spa d
100 1 _aKokoschka, Oskar (
_d1886-1980)
_968503
245 1 0 _aOleos y acuarelas
_b: dibujos, mosaicos : obra literaria, 22 mayo-5 julio 1975 /
_cOskar Kokoschka ; [elaboración del catálogo: Heinz Spielman ; traducción Antonio de Zubiarre].
260 _aMadrid :
_bFundación Juan March,
_c1975.
300 _a96 p., 23 lám. :
_bil. ;
_c26 cm.
700 1 _aSpielman, Heinz.
_9107720
700 1 _aZubiaurre, Antonio de.
_9118395
852 _aES-MaACL
_jE-8104
_bR.92470
852 _aES-MaACL
_jE-7954
_bR.92395
999 _c87397
_d87397